地図内に工場が記載されている町村 - Statistics

General Stats
  • This quiz has been taken 41 times
  • The average score is 49 of 176
Answer Stats
都道府県 工場 Answer % Correct
北海道 ニッカウヰスキー 余市郡余市町
65%
北海道日高乳業 沙流郡日高町
45%
東芝 三重郡朝日町
45%
コクヨ 愛知郡愛荘町
45%
京都府 ダイハツ工業 | マクセル 乙訓郡大山崎町
45%
ホクレン製糖 | 日本甜菜製糖 上川郡清水町
42%
岩手県 小岩井乳業 | 盛岡セイコー 岩手郡雫石町
42%
茨城県 ジェー・シー・オー | 三菱原子燃料 那珂郡東海村
42%
東京都 IHI 西多摩郡瑞穂町
42%
神奈川県 JX金属 | 日東化工 | 日産工機 高座郡寒川町
42%
豊田自動織機 知多郡東浦町
42%
鳥取県 王子製紙 西伯郡日吉津村
42%
関ヶ原石材 不破郡関ケ原町
39%
愛知県 三菱重工 西春日井郡豊山町
39%
フタバ産業 額田郡幸田町
39%
滋賀県 ダイフク 蒲生郡日野町
39%
ダイハツ工業 蒲生郡竜王町
39%
アキレス 犬上郡豊郷町
39%
キリンビール | ダイニック 犬上郡多賀町
39%
丹波ワイン 船井郡京丹波町
39%
大阪府 サントリー | 大阪染工 | 日立金属 三島郡島本町
39%
広島県 マツダ 安芸郡府中町
39%
トヨタ自動車 | 三菱マテリアル | 宇部興産 | +4 others 京都郡苅田町
39%
井関 上益城郡益城町
39%
日本製紙 白老郡白老町
35%
雪印メグミルク 標津郡中標津町
35%
トヨタ自動車 黒川郡大衡村
35%
本田技研 大里郡寄居町
35%
太平洋セメント 西多摩郡日の出町
35%
静岡県 帝人 | 東レ | 特種東海製紙 駿東郡長泉町
35%
オークマ | トヨタ紡績 | 東海理化電機 丹羽郡大口町
35%
大垣扶桑紡績 | 村田機械 丹羽郡扶桑町
35%
兵庫県 住友精化 加古郡播磨町
35%
長崎県 三菱電機 西彼杵郡時津町
35%
池内ベニヤ 日高郡新ひだか町
32%
日本甜菜製糖 河西郡芽室町
32%
カルソニックカンセイ | コカ・コーラ | 東洋製罐 比企郡吉見町
32%
クレシア | 明治ゴム化成 足柄上郡開成町
32%
中越合金鋳工 | 佐藤鉄工 中新川郡立山町
32%
ユニチカ 不破郡垂井町
32%
デンソー 知多郡阿久比町
32%
AGC | ファイザー・ファーマ | 中山三星建材 | +3 others 知多郡武豊町
32%
三重県 TOYO TIRE 員弁郡東員町
32%
北越紀州製紙 南牟婁郡紀宝町
32%
多度津造船 仲多度郡多度津町
32%
本田技研 菊池郡大津町
32%
ホクレン製糖 斜里郡斜里町
29%
明治 | 森永乳業 | 雪印メグミルク 野付郡別海町
29%
キユーピー 猿島郡五霞町
29%
栃木県 日産自動車 河内郡上三川町
29%
新潟県 日本海エル・エヌ・ジー 北蒲原郡聖籠町
29%
イビデン 揖斐郡揖斐川町
29%
AGCテクノガラス | オカモト | 富士フイルム 榛原郡吉田町
29%
大和ハウス 三重郡菰野町
29%
ジェイテクト 板野郡藍住町
29%
香川県 YKKAP 綾歌郡宇多津町
29%
熊本県 JMU | 不二サッシ | 日立造船 玉名郡長洲町
29%
ソニーセミコンダクタ 菊池郡菊陽町
29%
三菱製紙 | 信越半導体 | 日本工機 西白河郡西郷村
26%
MCフード | キヤノン | ツムラ | +4 others 稲敷郡阿見町
26%
わかもと製薬 足柄上郡大井町
26%
富山県 細川機業 中新川郡上市町
26%
アイシン新和 | 東洋紡 下新川郡入善町
26%
三菱マテリアル 駿東郡小山町
26%
シャープ 多気郡多気町
26%
美和ロック 度会郡玉城町
26%
東芝 揖保郡太子町
26%
サントリー 上益城郡嘉島町
26%
北勝水産 常呂郡佐呂間町
23%
ニッタクス 中川郡幕別町
23%
雪印メグミルク 川上郡標茶町
23%
三井精機 比企郡川島町
23%
キトー | テルモ | パナソニック 中巨摩郡昭和町
23%
長野県 ミネベアミツミ 北佐久郡御代田町
23%
明治製菓 本巣郡北方町
23%
新日本工機 泉南郡岬町
23%
山口県 三井化学 玖珂郡和木町
23%
大塚製薬 板野郡板野町
23%
愛媛県 東レ 伊予郡松前町
23%
田辺三菱製薬 築上郡吉富町
23%
宮崎県 南九州化学 児湯郡高鍋町
23%
青森県 三菱マテリアル 下北郡東通村
19%
リズム時計 芳賀郡益子町
19%
カルソニックカンセイ 邑楽郡邑楽町
19%
三菱マテリアル 秩父郡横瀬町
19%
エーザイ 児玉郡美里町
19%
日産化学 児玉郡上里町
19%
千葉県 双葉電子工業 長生郡長生村
19%
岐阜県 岐阜東リ 養老郡養老町
19%
近泉繊維 犬上郡甲良町
19%
奈良県 住江織物 生駒郡安堵町
19%
キヤノン 東彼杵郡波佐見町
19%
札鶴ベニヤ 斜里郡清里町
16%
シオノギファーマ | トヨタ自動車 胆沢郡金ケ崎町
16%
新日本テクノカーボン 黒川郡大郷町
16%
秋田県 スズキ部品秋田 南秋田郡井川町
16%
福島県 曙ブレーキ 伊達郡桑折町
16%
日曹金属化学 | 曹鉄メタル 耶麻郡磐梯町
16%
クボタケミックス | 花王 芳賀郡市貝町
16%
サントリー 邑楽郡千代田町
16%
埼玉県 本田技研 比企郡小川町
16%
石川県 三協マテリアル 羽咋郡宝達志水町
16%
日精樹脂 埴科郡坂城町
16%
帝人 | 東レ | 豊島紡績 安八郡神戸町
16%
福岡県 大和ハウス工業 | 大石産業 | 清新産業 鞍手郡鞍手町
16%
大電 三養基郡みやき町
16%
東海カーボン 葦北郡芦北町
16%
宮城県 昭和電線 柴田郡柴田町
13%
山形県 クアーズテック 西置賜郡小国町
13%
東京計器 那須郡那須町
13%
朝日工業 児玉郡神川町
13%
山梨県 マルアイ 西八代郡市川三郷町
13%
NGKアドレック 可児郡御嵩町
13%
徳島県 大塚製薬 那賀郡那賀町
13%
佐賀県 ブリヂストン 三養基郡上峰町
13%
ユニチャーム | 日本精工 東白川郡棚倉町
10%
群馬県 キヤノン 利根郡昭和村
10%
新潟昭和 東蒲原郡阿賀町
10%
オリンパス 上伊那郡辰野町
10%
永大産業 熊毛郡平生町
10%
日ピス 伊達郡川俣町
6%
三進金属工業 石川郡平田村
3%
No matching quizzes found
Score Distribution
Percent of People with Each Score
Percentile by Number Answered
Your Score History
You have not taken this quiz